000 00845nam a22002537a 4500
001 sjds
003 sjds
005 20220808213521.0
008 220524b arg||||| |||| 00| 0 spa d
020 _a9501106608
020 _a9789501106602
020 _a9789501180473 (series)
040 _csjds
041 _aspa
_heng
100 1 0 _aSmith, Kathie Billingslea.
245 _aGustando /
_ctextos de Kathie Billingslea Smith y Victoria Crenson ; ilustraciones de Robert S. Storms ; supervision medica de Ira T. Fine ; traduccion de Delia M.G. de Acuna
260 _aBuenos Aires :
_bEditorial Sigmar,
_cc1988.
300 _a24 unnumbered pages :
_bcolor illustrations ;
_c21 cm.
440 _aColeccion Mil preguntas
500 _aTranslation of: Tasting.
700 1 0 _aCrenson, Victoria
700 1 0 _aStorms, Robert S.
942 _cBK
999 _c27030
_d27030